000 00867nam a2200229Ii 4500
003 JO-AjNU
008 230605s9999||||xx |||||||||||||| ||und||
017 _a2012/2845
020 _a978-977-327-942-0
040 _aJO-AjNU
_bara
_erda
_cJO-AjNU
041 _aara
050 1 4 _aKZ6471. B35 2013
100 3 _aبندق، انور,
_eauthor
_934351
245 0 0 _aموسوعة القانون الدولي الانساني : مع نصوص القانون الاسلامي في هذا المجال
250 _aط1
264 3 1 _aالاسكندرية: مكتبة الوفاء القانونية، 2012
300 _a1043ص
_bيحتوي على ببلوغرافية من ص 1041-1043ص
336 _atext
_btxt
_2rdacontent
337 _aunmediated
_bn
_2rdamedia
338 _avolume
_bnc
_2rdacarrier
650 4 _aالقانون الدولي الانساني
_934352
999 _aA14077
_c17645
_d17645